Portalis le juste. Actes du colloque de Paris, organisé par l'Institut européen des relations Église-État avec le concours de l'Institut Portalis de la Faulté de Droit de l'Université d'Aix-Marseille III.
Saved in:
| Hovedforfatter: | |
|---|---|
| Andre forfattere: | , , , , |
| Format: | Bog |
| Sprog: | engelsk |
| Udgivet: |
Aix-en-Provence, France:
Presses universitaires d'Aix-Marseill; Faulté de Droit et de Science Politique,
2004.
|
| Serier: | Études de l'Institut européen des Relations Église-État.
|
| Fag: | |
| Tags: |
Tilføj Tag
Ingen Tags, Vær først til at tagge denne postø!
|
MARC
| LEADER | 00000nam a22000007a 4500 | ||
|---|---|---|---|
| 003 | CL-VaPUC | ||
| 005 | 20220829092713.0 | ||
| 008 | 220225t2004 ||||| |||| 00| 0 eng d | ||
| 999 | |c 434555 |d 434553 | ||
| 020 | |a 2-7314-0405-1 | ||
| 040 | |c Pontificia Universidad Católica de Valparaíso | ||
| 082 | 0 | 4 | |2 22 |a 340.092 ONO 2004 |
| 100 | 1 | |a Onorio, Joël-Benoît d' |e auteur |9 408616 | |
| 245 | 1 | 0 | |a Portalis le juste. |b Actes du colloque de Paris, organisé par l'Institut européen des relations Église-État avec le concours de l'Institut Portalis de la Faulté de Droit de l'Université d'Aix-Marseille III. |
| 260 | |a Aix-en-Provence, France: |b Presses universitaires d'Aix-Marseill; |b Faulté de Droit et de Science Politique, |c 2004. | ||
| 300 | |a 156 páginas. | ||
| 490 | 0 | |a Études de l'Institut européen des Relations Église-État. | |
| 500 | |a c.1 Donación Familia Prof. Alejandro Guzmán Brito. | ||
| 583 | |c 20220225 |k Yessy Stephany Diaz Vidal | ||
| 600 | |a Portalis, Jean-Etienne-Marie, |d 1746-1807 |9 869640 |x Congresos | ||
| 650 | 1 | |a Código civil |x Historia de Francia |x Congresos |9 869641 | |
| 650 | 1 | 0 | |a Abogados |z Francia |x Biografías |9 869643 |
| 650 | 1 | |a Política y gobierno |z Francia |y 1789-1815 |9 869642 | |
| 700 | |a Atias, Christian |e auteur |9 866528 | ||
| 700 | |a Beignier, Bernard |e auteur |9 866529 | ||
| 700 | |a Bouscau, Franck |e auteur |9 866530 | ||
| 700 | |a Gasparini, Eric |e auteur |9 866531 | ||
| 700 | |a Gazzaniga, Jean Louis |9 355351 |e auteur | ||
| 942 | |2 ddc |c BK |n 0 | ||
| 952 | |0 0 |1 0 |2 ddc |4 0 |6 340_092000000000000_ONO_2004 |7 1 |8 C_AGB |9 581484 |a BIBDER |b BIBDER |d 2022-02-25 |e Donación |i 5647916 |o 340.092 ONO 2004 |p 5647916 |r 2023-01-25 |t 1 |w 2022-02-25 |y BK_US |k AGB | ||